[Event "Lviv Tradition May 2018"]
[Site "Lviv"]
[Date "2018.05.20"]
[Round "7"]
[White "Goluch, Piotr"]
[Black "Oglaza, Oskar"]
[Result "1/2-1/2"]
[WhiteElo "2351"]
[BlackElo "2279"]
[Annotator "NA"]
[PlyCount "136"]
[EventDate "2018.??.??"]
[EventType "tourn"]
[EventCountry "UKR"]
[SourceTitle "playchess.com"]
[Source "ChessBase"]
[SourceQuality "1"]
[TimeControl "5400+30"]

1. Nf3 {[%emt 0:00:00]} Nf6 {[%emt 0:00:11]} 2. c4 {[%emt 0:00:00]} g6 {[%emt 0:00:42]} 3. g3 {[%emt 0:00:00]} Bg7 {[%emt 0:00:35]} 4. Bg2 {[%emt 0:00:00]} O-O {[%emt 0:00:44]} 5. O-O {[%emt 0:00:00]} d5 {[%emt 0:00:08]} 6. cxd5 {[%emt 0:00:02]} Nxd5 {[%emt 0:00:13]} 7. d4 {[%emt 0:00:04]} Nb6 {[%emt 0:00:20]} 8. Nc3 {[%emt 0:00:08]} Nc6 {[%emt 0:00:19]} 9. e3 {[%emt 0:00:05]} Re8 {[%emt 0:00:12]} 10. Re1 {[%emt 0:00:24]} a5 {[%emt 0:00:35] D76: Fianchetto Grünfeld: Main Line with 7...Nb6} 11. Qe2 {[%emt 0:00:19]} (11. h3 a4 12. Rb1 a3 13. bxa3 e5 14. dxe5 Nxe5 15. Qxd8 Nxf3+ 16. Bxf3 Rxd8 17. Nb5 Be5 18. Nd4 Bxh3 19. Bxb7 Bxd4 20. exd4 {1-0 (38) Ivanchuk,V (2726)-Muzychuk,M (2540) Caleta 2018}) 11... Be6 {[%emt 0:01:30]} 12. Rd1 {[%emt 0:01:50]} Nb4 {[%emt 0:14:29]} 13. Nd2 {[%emt 0:06:45]} c6 {[%emt 0:00:24]} 14. a3 {[%emt 0:04:36]} N4d5 {[%emt 0:00:18] LiveBook: 28 Games} 15. Nce4 {[%emt 0:00:09]} Bf5 {[%emt 0:11:31]} 16. Nc5 {[%emt 0:04:50]} e5 {[%emt 0:00:10]} 17. e4 {[%emt 0:13:26]} exd4 {[%emt 0:00:23]} 18. Qf3 {[%emt 0:00:14]} Qe7 $146 {[%emt 0:00:26]} 19. Nd3 {[%emt 0:00:12]} Be6 {[%emt 0:00:13]} 20. Re1 {[%emt 0:20:35]} Nc7 {[%emt 0:01:46]} 21. e5 {[%emt 0:01:51]} Bd5 {[%emt 0:00:41]} 22. Ne4 {[%emt 0:00:13]} Ne6 {[%emt 0:00:32]} 23. h4 {[%emt 0:01:51]} Nc4 {[%emt 0:01:08]} 24. Nf6+ {[%emt 0:06:38]} Bxf6 {[%emt 0:01:58]} 25. Qxf6 {[%emt 0:00:07]} Qxf6 {[%emt 0:00:28]} 26. exf6 {[%emt 0:00:05]} Bxg2 {[%emt 0:02:21]} 27. Kxg2 {[%emt 0:00:04]} a4 {[%emt 0:00:06]} 28. h5 {[%emt 0:00:21]} Nc7 {[%emt 0:04:22]} 29. Rh1 {[%emt 0:05:56]} Nd5 {[%emt 0:14:05]} 30. hxg6 {[%emt 0:00:48]} fxg6 {[%emt 0:00:12]} 31. f7+ {[%emt 0:00:20]} Kxf7 {[%emt 0:00:03]} 32. Rxh7+ {[%emt 0:00:04]} Kf6 {[%emt 0:00:15]} 33. Rh4 {[%emt 0:10:57]} Nd6 {[%emt 0:07:53]} 34. Rxd4 {[%emt 0:00:37]} Re4 {[%emt 0:00:05]} 35. Rxe4 {[%emt 0:01:07]} Nxe4 {[%emt 0:00:04]} 36. Nf4 {[%emt 0:02:30]} Ra5 {[%emt 0:01:18]} 37. Kf3 {[%emt 0:03:00]} Ng5+ {[%emt 0:05:00]} 38. Kg4 {[%emt 0:00:34]} Ne4 {[%emt 0:01:06]} 39. Nxd5+ {[%emt 0:00:04]} Rxd5 {[%emt 0:00:30]} 40. Be3 {[%emt 0:00:04]} Nd6 {[%emt 0:00:38]} 41. Rc1 {[%emt 0:01:15]} Nf7 {[%emt 0:02:01]} 42. Kf3 {[%emt 0:02:29]} Ne5+ {[%emt 0:02:47]} 43. Ke4 {[%emt 0:00:51]} b5 {[%emt 0:01:36] [#]} 44. Rh1 $2 {[%emt 0:06:17]} ({Der einzige Zug:} 44. Rxc6+ $1 $18 {[%mdl 512]} Nxc6 45. Kxd5) 44... Nc4 {[%emt 0:00:46]} 45. Bd4+ {[%emt 0:01:45]} Ke6 {[%emt 0:00:07]} 46. Bc3 {[%emt 0:00:28]} Nd6+ {[%emt 0:01:55]} 47. Kf3 {[%emt 0:00:43]} Nf7 {[%emt 0:06:09]} 48. Ke3 {[%emt 0:00:40]} c5 {[%emt 0:00:36]} 49. Rh7 {[%emt 0:00:51]} Nd6 {[%emt 0:00:39]} 50. g4 {[%emt 0:00:40]} Nc4+ {[%emt 0:02:13]} 51. Ke4 {[%emt 0:00:43]} Nd2+ {[%emt 0:00:32]} 52. Ke3 {[%emt 0:00:27]} Nc4+ {[%emt 0:00:06]} 53. Ke2 {[%emt 0:00:27]} b4 {[%emt 0:03:34]} 54. axb4 {[%emt 0:00:05]} cxb4 {[%emt 0:00:03]} 55. Bxb4 {[%emt 0:00:03]} Nxb2 {[%emt 0:00:06]} 56. Re7+ {[%emt 0:03:29]} Kf6 {[%emt 0:00:08]} 57. Ra7 {[%emt 0:00:11]} Kg5 {[%emt 0:02:35]} 58. f3 {[%emt 0:02:25]} Kf4 {[%emt 0:04:19]} 59. Bc3 {[%emt 0:00:42]} Rc5 {[%emt 0:01:27]} 60. Bd2+ {[%emt 0:01:04]} Kg3 {[%emt 0:00:25]} 61. Be1+ {[%emt 0:00:02]} Kg2 {[%emt 0:00:20]} 62. f4 {[%emt 0:00:06]} Rc4 {[%emt 0:03:15]} 63. Ke3 {[%emt 0:03:02]} Nd1+ {[%emt 0:00:47]} 64. Kd2 {[%emt 0:00:11]} Nf2 {[%emt 0:01:57]} 65. Bxf2 {[%emt 0:00:16]} Kxf2 {[%emt 0:00:10]} 66. Ra6 {[%emt 0:00:34]} a3 $11 {[%emt 0:03:18]} 67. g5 {[%emt 0:00:03]} Rxf4 {[%emt 0:01:19]} 68. Kc2 {[%emt 0:00:59]} Kg3 {[%emt 0:00:26]} 1/2-1/2

[Event "Lviv Tradition May 2018"]
[Site "Lviv"]
[Date "2018.05.20"]
[Round "7"]
[White "Galperin, Platon"]
[Black "Fiedorek, Michal"]
[Result "1-0"]
[WhiteElo "2332"]
[BlackElo "2081"]
[Annotator "NA"]
[PlyCount "77"]
[EventDate "2018.??.??"]
[EventType "tourn"]
[EventCountry "UKR"]
[SourceTitle "playchess.com"]
[Source "ChessBase"]
[SourceQuality "1"]
[TimeControl "5400+30"]

1. Nf3 {[%emt 0:00:00]} d5 {[%emt 0:00:07]} 2. c4 {[%emt 0:00:00]} e6 {[%emt 0:00:12]} 3. g3 {[%emt 0:00:00]} Nf6 {[%emt 0:00:12]} 4. Bg2 {[%emt 0:00:00]} Be7 {[%emt 0:00:12]} 5. O-O {[%emt 0:00:00]} O-O {[%emt 0:00:06]} 6. b3 {[%emt 0:00:00]} c5 {[%emt 0:00:11]} 7. Bb2 {[%emt 0:00:00]} Nc6 {[%emt 0:00:26]} 8. e3 {[%emt 0:00:21]} b6 {[%emt 0:00:37]} 9. d3 {[%emt 0:04:09]} Ba6 {[%emt 0:08:00]} 10. Qe2 {[%emt 0:03:05]} Qd7 {[%emt 0:03:11] A14: English Opening: 1...e6 with b3 by White} (10... Rc8 11. Rd1 Qd7 12. Nc3 Rfd8 13. Rac1 d4 14. exd4 Nxd4 15. Nxd4 cxd4 16. Nb1 Qc7 17. f4 Bb7 18. Nd2 Bxg2 19. Kxg2 {0-1 (42) Le,Q (2714)-Wang,Y (2697) Beijing 2011}) 11. Nbd2 {[%emt 0:00:19]} Rfd8 {[%emt 0:01:01]} 12. Rad1 {[%emt 0:06:38]} Rac8 {[%emt 0:01:37]} 13. e4 {[%emt 0:03:04]} dxc4 {[%emt 0:07:10]} 14. dxc4 {[%emt 0:00:17]} Qd3 {[%emt 0:07:28]} 15. Qxd3 {[%emt 0:01:50]} Rxd3 {[%emt 0:00:06]} 16. e5 {[%emt 0:00:09]} Ne8 {[%emt 0:02:18]} 17. Ne4 {[%emt 0:02:08]} Rxd1 {[%emt 0:04:50]} 18. Rxd1 {[%emt 0:00:36]} Rd8 $146 {[%emt 0:00:44]} 19. Rxd8 {[%emt 0:02:33]} Nxd8 {[%emt 0:01:02]} 20. h4 {[%emt 0:01:16]} Bb7 {[%emt 0:04:42]} 21. Nh2 {[%emt 0:00:18]} f5 {[%emt 0:05:34]} 22. exf6 {[%emt 0:02:31]} gxf6 {[%emt 0:00:59]} 23. g4 {[%emt 0:04:38]} Kf7 {[%emt 0:15:48]} 24. f4 $11 {[%emt 0:02:17]} Nd6 {[%emt 0:02:33]} 25. Ng3 {[%emt 0:00:19]} Bxg2 {[%emt 0:00:48]} 26. Kxg2 {[%emt 0:00:02]} Nc6 {[%emt 0:01:20]} 27. g5 {[%emt 0:02:09]} e5 {[%emt 0:07:51]} 28. fxe5 {[%emt 0:03:21]} Nxe5 {[%emt 0:00:21]} 29. Bxe5 {[%emt 0:01:01]} fxe5 {[%emt 0:00:05]} 30. Ng4 {[%emt 0:00:24]} Ke6 {[%emt 0:06:23]} 31. Kf3 {[%emt 0:00:07]} b5 {[%emt 0:01:22]} 32. Ne3 {[%emt 0:00:34]} bxc4 {[%emt 0:04:39]} 33. bxc4 {[%emt 0:01:47]} Nf7 {[%emt 0:02:52]} 34. Ne4 {[%emt 0:00:49]} Nd8 {[%emt 0:01:45]} 35. Kg4 {[%emt 0:01:59]} Nc6 {[%emt 0:01:10]} 36. h5 {[%emt 0:02:35]} Nd4 {[%emt 0:03:03]} 37. Nd5 {[%emt 0:00:32]} Nc2 {[%emt 0:00:44]} 38. h6 {[%emt 0:01:07]} Bf8 {[%emt 0:00:52]} 39. Nef6 {[%emt 0:00:32] Kxd5} 1-0

[Event "Lviv Tradition May 2018"]
[Site "Lviv"]
[Date "2018.05.20"]
[Round "7"]
[White "Peng, Li Min"]
[Black "Shkuran, Danylo"]
[Result "1-0"]
[WhiteElo "2320"]
[BlackElo "2395"]
[Annotator "NA"]
[PlyCount "71"]
[EventDate "2018.??.??"]
[EventType "tourn"]
[EventCountry "UKR"]
[SourceTitle "playchess.com"]
[Source "ChessBase"]
[SourceQuality "1"]
[TimeControl "5400+30"]

1. e4 {[%emt 0:02:24]} c6 {[%emt 0:00:22]} 2. d3 {[%emt 0:01:48]} d5 {[%emt 0:00:35]} 3. Nd2 {[%emt 0:00:04]} e6 {[%emt 0:01:22]} 4. Ngf3 {[%emt 0:00:38]} Be7 {[%emt 0:00:50]} 5. g3 {[%emt 0:00:12]} Nf6 {[%emt 0:00:45]} 6. Bg2 {[%emt 0:00:17] LiveBook: 5 Games} O-O {[%emt 0:00:26]} 7. O-O {[%emt 0:00:09]} c5 {[%emt 0:00:37] A07: Réti Opening: New York and Capablanca Systems} 8. e5 {[%emt 0:03:18]} Nfd7 {[%emt 0:00:56]} (8... Ne8 9. Re1 Nc6 10. Nf1 Nc7 11. h4 f5 12. exf6 Bxf6 13. Ne3 e5 14. c4 d4 15. Nd5 {1-0 (79) Zhou,W (2627)-Xu,Y (2443) China 2015}) 9. c4 {[%emt 0:09:43]} Nc6 {[%emt 0:09:51]} 10. Qe2 {[%emt 0:01:20]} d4 {[%emt 0:10:19]} 11. Re1 {[%emt 0:04:51]} a6 $146 {[%emt 0:10:09]} ({Predecessor:} 11... Qc7 12. Nf1 a6 13. h4 b5 14. b3 bxc4 15. bxc4 Rb8 16. Bf4 Re8 17. N1h2 {½-½ (17) Muller,M-Wolrich,C (2140) Rochefort 1998}) 12. h4 {[%emt 0:03:56]} Re8 {[%emt 0:03:48]} 13. Nf1 {[%emt 0:13:11]} Bf8 {[%emt 0:10:52]} 14. Bf4 {[%emt 0:00:30]} Rb8 {[%emt 0:13:58]} 15. b3 {[%emt 0:00:28]} Qc7 {[%emt 0:02:42]} 16. Qe4 {[%emt 0:05:59]} h6 {[%emt 0:02:06]} 17. g4 {[%emt 0:09:35]} Ne7 {[%emt 0:05:29]} 18. h5 {[%emt 0:17:27]} b5 {[%emt 0:03:14]} 19. Qe2 {[%emt 0:00:19]} Bb7 {[%emt 0:02:24]} 20. Ng3 {[%emt 0:00:20]} bxc4 {[%emt 0:04:18]} 21. bxc4 {[%emt 0:00:09]} Bc6 {[%emt 0:00:03]} 22. Rad1 {[%emt 0:00:29]} Rb6 {[%emt 0:06:33]} 23. g5 {[%emt 0:02:08]} Bxf3 {[%emt 0:03:52]} 24. Bxf3 {[%emt 0:00:08]} hxg5 {[%emt 0:03:16]} 25. Bxg5 {[%emt 0:00:04]} Reb8 {[%emt 0:00:52]} 26. Rd2 {[%emt 0:00:59]} Nc6 {[%emt 0:01:53]} 27. Bxc6 {[%emt 0:02:59]} Rxc6 {[%emt 0:01:00]} 28. f4 {[%emt 0:01:07]} Rcb6 {[%emt 0:01:21]} 29. Ne4 {[%emt 0:00:08]} Rb1 {[%emt 0:00:20]} 30. Kh2 {[%emt 0:01:38]} Qb6 {[%emt 0:00:35]} 31. Rxb1 {[%emt 0:01:53]} Qxb1 {[%emt 0:00:06]} 32. Ng3 {[%emt 0:00:05]} Qb6 {[%emt 0:00:58]} (32... Qc1 $14) 33. Qg4 {[%emt 0:00:48]} Kh8 $2 {[%emt 0:00:33]} (33... Qb1 $16) 34. Rg2 {[%emt 0:01:24]} Qc6 {[%emt 0:00:33]} 35. Ne4 {[%emt 0:01:28]} Kh7 {[%emt 0:00:15] [#]} 36. Bf6 {[%emt 0:00:40]} 1-0

[Event "Lviv Tradition May 2018"]
[Site "Lviv"]
[Date "2018.05.20"]
[Round "7"]
[White "Terletsky, Oleg"]
[Black "Badelka, Olga"]
[Result "1/2-1/2"]
[WhiteElo "2288"]
[BlackElo "2397"]
[Annotator "NA"]
[PlyCount "192"]
[EventDate "2018.??.??"]
[EventType "tourn"]
[EventCountry "UKR"]
[SourceTitle "playchess.com"]
[Source "ChessBase"]
[SourceQuality "1"]
[TimeControl "5400+30"]

1. e4 {[%emt 0:01:55]} c5 {[%emt 0:00:04]} 2. Nf3 {[%emt 0:00:04]} Nc6 {[%emt 0:00:03]} 3. d4 {[%emt 0:00:04]} cxd4 {[%emt 0:00:04]} 4. Nxd4 {[%emt 0:00:04]} e5 {[%emt 0:00:03]} 5. Nb5 {[%emt 0:00:08]} d6 {[%emt 0:00:04]} 6. N1c3 {[%emt 0:00:11]} a6 {[%emt 0:00:03]} 7. Na3 {[%emt 0:00:04]} Be7 {[%emt 0:00:04]} 8. Nc4 {[%emt 0:01:02]} b5 {[%emt 0:00:05] B32: Sicilian: Löwenthal and Kalashnikov Variations} 9. Ne3 {[%emt 0:00:04]} Nf6 {[%emt 0:00:06]} 10. g3 {[%emt 0:07:24]} O-O {[%emt 0:00:06]} 11. Bg2 {[%emt 0:00:04]} b4 {[%emt 0:00:03]} 12. Ncd5 {[%emt 0:00:24]} Nxd5 {[%emt 0:00:06] LiveBook: 83 Games} 13. Nxd5 {[%emt 0:01:17]} Bg5 {[%emt 0:00:08]} 14. O-O {[%emt 0:03:44]} Bxc1 {[%emt 0:00:05]} 15. Rxc1 {[%emt 0:00:47]} Be6 {[%emt 0:00:34]} 16. f4 {[%emt 0:10:50] [#]} exf4 $146 {[%emt 0:03:54]} 17. gxf4 {[%emt 0:01:17]} Rc8 {[%emt 0:04:12]} 18. c4 {[%emt 0:13:07]} bxc3 {[%emt 0:04:44]} 19. Rxc3 {[%emt 0:05:14]} Bxd5 {[%emt 0:01:25]} 20. Qxd5 {[%emt 0:07:58]} Qb6+ {[%emt 0:00:06]} 21. Kh1 {[%emt 0:00:06]} Nd4 {[%emt 0:15:27]} 22. Rd1 {[%emt 0:03:57]} Ne6 {[%emt 0:28:19]} 23. Qd2 {[%emt 0:07:02]} Rxc3 {[%emt 0:02:53]} 24. bxc3 {[%emt 0:00:06]} h6 {[%emt 0:08:44]} 25. f5 {[%emt 0:01:45]} Ng5 {[%emt 0:00:11]} 26. Qxd6 {[%emt 0:04:39]} Qf2 {[%emt 0:01:33]} 27. Qd2 {[%emt 0:03:29]} Qh4 {[%emt 0:01:02]} 28. Qe3 {[%emt 0:07:22]} Qg4 {[%emt 0:03:24]} 29. Rf1 {[%emt 0:00:53]} Rd8 {[%emt 0:06:29]} 30. h3 {[%emt 0:03:02]} Qh5 {[%emt 0:00:25]} 31. e5 {[%emt 0:00:10]} Rd1 {[%emt 0:01:12]} 32. Rxd1 {[%emt 0:00:48]} Qxd1+ {[%emt 0:00:05]} 33. Kh2 {[%emt 0:00:01]} Qa4 {[%emt 0:06:30]} 34. e6 {[%emt 0:02:00]} fxe6 {[%emt 0:00:04]} 35. fxe6 {[%emt 0:00:05]} Kf8 {[%emt 0:00:19]} 36. Qc5+ {[%emt 0:07:18]} Kg8 {[%emt 0:00:04]} 37. Qe5 $2 {[%emt 0:01:05]} (37. Qd6) 37... Qb5 {[%emt 0:05:53]} 38. Qxb5 {[%emt 0:04:56]} axb5 {[%emt 0:00:03]} 39. Bc6 {[%emt 0:02:03]} Nxe6 {[%emt 0:00:04]} 40. Bxb5 {[%emt 0:00:04]} Nc7 {[%emt 0:00:09]} 41. Bc4+ {[%emt 0:01:57]} Kf8 {[%emt 0:00:04]} 42. Kg3 {[%emt 0:00:09]} Ke7 {[%emt 0:00:08]} 43. Kf4 {[%emt 0:00:48]} Na8 {[%emt 0:04:47]} 44. Ke5 {[%emt 0:00:30]} Nb6 {[%emt 0:00:03]} 45. Bb5 {[%emt 0:00:18]} g5 {[%emt 0:00:10]} 46. Be2 {[%emt 0:02:08]} Na4 {[%emt 0:00:15]} 47. Kd4 {[%emt 0:00:18]} Kd6 {[%emt 0:00:06]} 48. c4 {[%emt 0:00:35]} Nc5 {[%emt 0:00:05]} 49. Bg4 {[%emt 0:00:14]} Na4 {[%emt 0:00:06]} 50. Bh5 {[%emt 0:00:35]} Nc5 {[%emt 0:00:10]} 51. Bf7 {[%emt 0:00:28]} Na4 {[%emt 0:00:18]} 52. a3 {[%emt 0:00:28]} Nc5 {[%emt 0:00:04]} 53. Bd5 {[%emt 0:00:57]} h5 $2 {[%emt 0:00:54]} 54. Ke3 {[%emt 0:00:23]} (54. Bf7 $18) 54... Nd7 $1 {[%emt 0:02:00]} 55. Kd4 {[%emt 0:00:34]} (55. a4 $14) 55... Nc5 {[%emt 0:00:31]} 56. Kc3 $2 {[%emt 0:00:20]} Kc7 $2 {[%emt 0:02:15] [#]} (56... g4 $11 {and Black is okay.}) 57. Bf3 $1 {[%emt 0:00:22]} h4 {[%emt 0:04:28]} 58. Kd4 {[%emt 0:00:33]} Kd6 {[%emt 0:00:04]} 59. Bg4 {[%emt 0:00:13]} Nb3+ {[%emt 0:00:05]} 60. Kc3 {[%emt 0:00:30]} Nc5 {[%emt 0:00:06]} 61. Kb4 {[%emt 0:00:12]} Nd3+ {[%emt 0:00:05]} 62. Kb5 {[%emt 0:00:37]} Nf2 {[%emt 0:00:13]} 63. Bf3 {[%emt 0:01:11]} Kc7 {[%emt 0:00:25]} 64. Bg2 {[%emt 0:00:11]} g4 {[%emt 0:00:37]} 65. hxg4 {[%emt 0:00:19]} Nxg4 $11 {[%emt 0:00:07]} 66. a4 {[%emt 0:00:10]} Ne3 {[%emt 0:04:13]} 67. Bh1 {[%emt 0:00:28]} Nd1 {[%emt 0:00:13]} 68. a5 {[%emt 0:00:12]} Nc3+ {[%emt 0:01:05]} 69. Kc5 {[%emt 0:00:18]} h3 {[%emt 0:00:48]} 70. a6 {[%emt 0:00:28]} Kb8 {[%emt 0:00:48]} 71. Kb6 {[%emt 0:01:01]} Na4+ {[%emt 0:00:04]} 72. Ka5 {[%emt 0:00:21]} Nc5 {[%emt 0:00:31]} 73. Kb5 {[%emt 0:00:11]} Nd7 {[%emt 0:00:31]} 74. c5 {[%emt 0:00:46]} Ka7 {[%emt 0:00:21]} 75. c6 {[%emt 0:00:54]} Nb6 {[%emt 0:00:04]} 76. c7 {[%emt 0:00:57]} h2 {[%emt 0:00:06]} 77. Bb7 {[%emt 0:00:23]} Nc8 {[%emt 0:00:05]} 78. Kc5 {[%emt 0:00:47]} Nb6 {[%emt 0:02:49]} 79. Kd6 {[%emt 0:00:18]} Nc8+ {[%emt 0:00:04]} 80. Kd7 {[%emt 0:00:38]} Nb6+ {[%emt 0:00:04]} 81. Kd8 {[%emt 0:00:31]} h1=Q {[%emt 0:00:05]} 82. Bxh1 {[%emt 0:00:04]} Kxa6 {[%emt 0:00:02]} 83. Bc6 {[%emt 0:00:51]} Ka5 {[%emt 0:00:22]} 84. Bb7 {[%emt 0:00:27]} Kb5 {[%emt 0:01:35]} 85. Ke8 {[%emt 0:00:28]} Kc5 {[%emt 0:00:56]} 86. Ke7 {[%emt 0:00:08]} Kb5 {[%emt 0:00:04]} 87. Kd6 {[%emt 0:00:32]} Nc4+ {[%emt 0:00:05]} 88. Kd5 {[%emt 0:01:00]} Nb6+ {[%emt 0:00:03]} 89. Ke6 {[%emt 0:00:30]} Kc5 {[%emt 0:00:38]} 90. Bf3 {[%emt 0:00:37]} Nc8 {[%emt 0:00:51]} 91. Kd7 {[%emt 0:00:20]} Nb6+ {[%emt 0:00:07]} 92. Kd8 {[%emt 0:00:33]} Kd6 {[%emt 0:00:21]} 93. Bb7 {[%emt 0:00:22]} Ke6 {[%emt 0:00:27]} 94. Bc8+ {[%emt 0:00:36]} Kd5 {[%emt 0:01:12]} 95. Bg4 {[%emt 0:00:24]} Kc6 {[%emt 0:00:25]} 96. Bh3 {[%emt 0:00:29]} Kd5 {[%emt 0:00:41]} 1/2-1/2

[Event "Lviv Tradition May 2018"]
[Site "Lviv"]
[Date "2018.05.20"]
[Round "8"]
[White "Badelka, Olga"]
[Black "Goluch, Piotr"]
[Result "1-0"]
[WhiteElo "2397"]
[BlackElo "2351"]
[Annotator "NA"]
[PlyCount "97"]
[EventDate "2018.??.??"]
[EventType "tourn"]
[EventCountry "UKR"]
[SourceTitle "playchess.com"]
[Source "ChessBase"]
[SourceQuality "1"]
[TimeControl "5400+30"]

1. c4 {[%emt 0:00:00]} Nf6 {[%emt 0:00:32]} 2. Nc3 {[%emt 0:00:00]} g6 {[%emt 0:00:53]} 3. d4 {[%emt 0:00:01]} Bg7 {[%emt 0:00:07]} 4. e4 {[%emt 0:00:03]} O-O {[%emt 0:00:05]} 5. Be2 {[%emt 0:00:22]} c5 {[%emt 0:01:13]} 6. d5 {[%emt 0:00:46]} d6 {[%emt 0:00:15]} 7. Nf3 {[%emt 0:02:54]} e6 {[%emt 0:00:40]} 8. Be3 {[%emt 0:00:33] E91: King's Indian: Classical: 6 Be2, unusual replies including 6...c5 and 6...Bg4} (8. Nd2 Re8 9. O-O Na6 10. f3 Nc7 11. a4 Na6 12. Ndb1 Nh5 13. Be3 e5 14. Na3 f5 15. Nc2 Nf4 16. exf5 gxf5 17. Qd2 Nb4 18. Bd1 {0-1 (43) Ding,L (2774)-Carlsen,M (2837) Saint Louis 2017}) 8... exd5 {[%emt 0:00:46]} 9. cxd5 {[%emt 0:00:05]} b5 {[%emt 0:06:15] LiveBook: 7 Games} 10. e5 {[%emt 0:00:04]} Ng4 {[%emt 0:01:01]} 11. Bg5 {[%emt 0:00:05]} f6 $146 {[%emt 0:01:51]} (11... Qb6 $11 {keeps the balance.}) ({Predecessor:} 11... Qa5 12. e6 Nf6 13. O-O a6 14. a4 b4 15. Bxf6 Bxf6 16. Ne4 Be7 17. exf7+ Rxf7 18. Nfg5 Rf4 19. g3 Rf5 20. Bg4 c4 21. Bxf5 gxf5 {1-0 (21) Buhmann,R (2567)-Freitag,M (2380) Austria 2017}) 12. exf6 {[%emt 0:00:32]} Bxf6 {[%emt 0:00:06]} 13. Bxf6 {[%emt 0:00:56]} Qxf6 {[%emt 0:00:05]} 14. Nxb5 {[%emt 0:04:11]} Nd7 {[%emt 0:05:05]} 15. O-O {[%emt 0:02:28]} Nb6 {[%emt 0:11:10]} 16. h3 {[%emt 0:08:06]} Nh6 {[%emt 0:03:23]} 17. Qd2 {[%emt 0:06:38]} Nf5 {[%emt 0:01:58]} 18. Rae1 {[%emt 0:01:51]} Bd7 {[%emt 0:03:19]} 19. Nc3 {[%emt 0:02:05]} Rae8 {[%emt 0:00:10]} 20. Bd3 {[%emt 0:02:31]} Nd4 {[%emt 0:00:26]} 21. Nxd4 {[%emt 0:00:46]} Qxd4 {[%emt 0:00:09]} 22. Qc2 {[%emt 0:03:39]} Kg7 {[%emt 0:06:57]} 23. Rxe8 {[%emt 0:03:12]} Rxe8 {[%emt 0:00:04]} 24. Bb5 {[%emt 0:03:42]} Bf5 {[%emt 0:02:36]} 25. Qc1 {[%emt 0:00:14]} Re5 {[%emt 0:05:46]} 26. Rd1 {[%emt 0:00:49]} Qh4 {[%emt 0:00:06]} 27. Bf1 {[%emt 0:02:37]} Bd7 {[%emt 0:03:03]} 28. g3 {[%emt 0:01:35]} Qh5 {[%emt 0:03:02]} 29. f4 {[%emt 0:02:33]} Re7 {[%emt 0:00:26]} 30. Re1 {[%emt 0:01:58]} Kf8 {[%emt 0:07:49]} 31. Rxe7 {[%emt 0:01:09]} Kxe7 {[%emt 0:00:02]} 32. Qe1+ {[%emt 0:05:30]} Kf8 {[%emt 0:00:35]} 33. g4 {[%emt 0:01:34]} Qh6 {[%emt 0:00:05]} 34. Qg3 {[%emt 0:03:11]} Qg7 {[%emt 0:00:07]} 35. Kf2 {[%emt 0:06:12]} Qd4+ {[%emt 0:01:54]} 36. Qe3 {[%emt 0:00:13]} Qb4 {[%emt 0:01:21]} 37. Qd2 {[%emt 0:03:45]} Na4 {[%emt 0:01:16]} 38. Ke3 {[%emt 0:04:41]} Nxb2 {[%emt 0:00:23]} 39. Ne4 {[%emt 0:03:03]} Qa3+ {[%emt 0:00:05]} 40. Kf2 {[%emt 0:00:49]} Qxa2 {[%emt 0:03:39]} (40... Qb4 $14) 41. Be2 {[%emt 0:01:19]} Qa4 {[%emt 0:01:48]} 42. Nf6 {[%emt 0:04:00]} Ke7 {[%emt 0:09:24]} (42... Bb5 $16 {was worth a try.}) 43. Nxd7 {[%emt 0:00:05]} ({Inferior is} 43. Nxh7 Qd4+ 44. Qe3+ Qxe3+ 45. Kxe3 a5 $15) 43... Qb3 {[%emt 0:00:53]} 44. Ne5 $18 {[%emt 0:02:52]} dxe5 {[%emt 0:00:05]} 45. fxe5 {[%emt 0:00:02]} c4 {[%emt 0:00:50]} 46. d6+ {[%emt 0:02:28]} Kd7 {[%emt 0:00:29]} 47. Qd5 {[%emt 0:01:42]} Qb6+ {[%emt 0:01:19]} 48. Kf1 {[%emt 0:00:27]} Nd3 {[%emt 0:01:10]} 49. e6+ {[%emt 0:01:20]} 1-0

[Event "Lviv Tradition May 2018"]
[Site "Lviv"]
[Date "2018.05.20"]
[Round "8"]
[White "Shkuran, Danylo"]
[Black "Oglaza, Oskar"]
[Result "0-1"]
[WhiteElo "2395"]
[BlackElo "2279"]
[Annotator "NA"]
[PlyCount "80"]
[EventDate "2018.??.??"]
[EventType "tourn"]
[EventCountry "UKR"]
[SourceTitle "playchess.com"]
[Source "ChessBase"]
[SourceQuality "1"]
[TimeControl "5400+30"]

1. e4 {[%emt 0:00:00]} c5 {[%emt 0:00:06]} 2. Nf3 {[%emt 0:00:00]} d6 {[%emt 0:00:10]} 3. d4 {[%emt 0:00:00]} cxd4 {[%emt 0:00:09]} 4. Nxd4 {[%emt 0:00:00]} Nf6 {[%emt 0:00:07]} 5. Nc3 {[%emt 0:00:01]} a6 {[%emt 0:00:06]} 6. g3 {[%emt 0:00:16]} e6 {[%emt 0:00:15]} 7. Bg2 {[%emt 0:00:08]} Be7 {[%emt 0:00:10]} 8. O-O {[%emt 0:00:09]} O-O {[%emt 0:01:44]} 9. f4 {[%emt 0:00:48]} Qc7 {[%emt 0:01:03]} 10. Be3 {[%emt 0:01:55] LiveBook: 47 Games} Nc6 {[%emt 0:00:11]} 11. Nxc6 {[%emt 0:03:08]} bxc6 {[%emt 0:00:12]} 12. g4 {[%emt 0:00:20]} d5 {[%emt 0:15:23]} 13. g5 {[%emt 0:10:58]} Nd7 {[%emt 0:09:22]} 14. Qh5 {[%emt 0:06:45] B80: Sizilianisch (Scheveninger System)} Rb8 {[%emt 0:06:04]} 15. f5 {[%emt 0:38:16]} exf5 $146 {[%emt 0:26:39]} ({Vorgänger:} 15... g6 16. Qh6 exf5 17. exf5 gxf5 18. Rf4 Qe5 19. Bd4 Bc5 20. Rd1 Bxd4+ 21. Rfxd4 Bb7 22. Rh4 Qg7 23. Bh3 Ne5 24. Kf2 Bc8 25. Re1 Ng6 {0-1 (25) Farkas,J (2275)-Juhasz,B (2315) Hungary 2001}) 16. exf5 {[%emt 0:02:05]} Rxb2 {[%emt 0:01:07]} 17. f6 {[%emt 0:14:59]} Qe5 {[%emt 0:06:14]} 18. Nd1 {[%emt 0:03:59] [#]} Nxf6 $1 {[%emt 0:00:21]} 19. gxf6 {[%emt 0:03:22]} Qxh5 {[%emt 0:00:12]} 20. fxe7 {[%emt 0:00:05]} Rxc2 {[%emt 0:00:38]} 21. exf8=Q+ {[%emt 0:00:08]} Kxf8 {[%emt 0:00:06]} 22. Rf2 {[%emt 0:02:27]} Bf5 {[%emt 0:07:38]} 23. Rxc2 {[%emt 0:02:57]} Bxc2 {[%emt 0:00:10]} 24. Bc5+ {[%emt 0:00:06]} Kg8 {[%emt 0:01:04]} 25. Nf2 {[%emt 0:00:16]} Qe5 {[%emt 0:02:15]} 26. Rc1 {[%emt 0:00:18]} Qc3 {[%emt 0:01:06]} 27. Ba7 {[%emt 0:01:31]} Qd2 {[%emt 0:01:10]} 28. Be3 {[%emt 0:00:18]} Qxe3 {[%emt 0:01:20]} 29. Rxc2 {[%emt 0:00:04]} Qb6 {[%emt 0:01:07]} 30. Rd2 {[%emt 0:03:26]} f5 {[%emt 0:01:30]} 31. Kf1 {[%emt 0:00:04]} f4 {[%emt 0:00:17]} 32. Nd1 {[%emt 0:00:13]} g5 {[%emt 0:00:58]} 33. h3 {[%emt 0:00:02]} Qb4 {[%emt 0:01:13]} 34. Re2 {[%emt 0:01:03]} Qa3 {[%emt 0:00:55]} 35. Rf2 {[%emt 0:00:51]} Kf7 {[%emt 0:00:40]} 36. Bf3 {[%emt 0:00:57]} Kf6 {[%emt 0:00:35]} 37. Bg4 {[%emt 0:01:18]} h5 {[%emt 0:00:32]} 38. Bd7 {[%emt 0:00:02]} Ke7 {[%emt 0:02:35]} 39. Bc8 $19 {[%emt 0:00:46]} Kd6 {[%emt 0:01:12]} 40. Rg2 {[%emt 0:01:19]} Qd3+ {[%emt 0:00:52]} 0-1